| 000 | 005320000a22001930004500 | ||
|---|---|---|---|
| 001 | 003455 | ||
| 003 | MACL | ||
| 005 | 20150916124424.0 | ||
| 008 | 150916b xxu||||| |||| 00| 0 eng d | ||
| 040 |
_aMACL _cMACL |
||
| 041 | _aEnglish | ||
| 082 | _a823/PAN | ||
| 100 |
_aPande, S K _911547 |
||
| 245 |
_aStory of Black Diamond Coal _cS K Pande |
||
| 260 |
_aNew Delhi _c2002 _bPublication Division Ministry Of Information and Broadcasting Government of India, |
||
| 350 | _a42 | ||
| 650 |
_aFiction _911548 |
||
| 942 |
_k823 _cBK _2ddc |
||
| 999 |
_c15356 _d15356 |
||